Glimpse of Us - Joji (All Lyrics) - Statistics

General Stats
  • This quiz has been taken 878 times
  • The average score is 233 of 293
Answer Stats
Glimpse of Us % Correct
I
98%
of
98%
a
97%
glimpse
96%
us
96%
in
95%
In
95%
the
94%
he
93%
her
92%
so
92%
So
92%
eyes
91%
find
91%
look
91%
to
91%
And
90%
and
90%
that
90%
sometimes
89%
you?
89%
me
88%
it
87%
was
87%
When
86%
where
86%
my
85%
move
84%
on
84%
that's
84%
then
84%
i'm
83%
I'm
83%
try
83%
your
83%
Chorus 'Cause
82%
Do
82%
do?
82%
way
82%
But
81%
for
81%
fall
76%
mind
76%
thinkin'
76%
time
76%
touch
76%
If
75%
if
75%
Said
75%
said
75%
you're
75%
arms
74%
fine
74%
out
74%
shoulders
74%
what
74%
ever
73%
perfect
73%
Perfect
73%
take
73%
world
73%
can
72%
don't
72%
moved
72%
Why
72%
Hopin'
71%
off
71%
here
70%
I'll
70%
it's
70%
mean
70%
only
70%
she's
70%
rain
69%
rainbow
68%
Verse 1 She'd
67%
sight
67%
hard
66%
passing
66%
still
65%
wish
65%
workin'
65%
turn
64%
blue
63%
living
62%
Is
61%
did?
59%
Does
57%
never
56%
Verse 2 Tell
56%
One
55%
one
55%
laugh
53%
story?
52%
part
50%
this
50%
you'll
50%
his
47%
Maybe
46%
day
45%
glory
45%
again
43%
feel
42%
lonely
41%
lived
40%
get
37%
had
36%
start
36%
slowly
34%
slippin'
32%
savors
30%
Bridge Ooh
17%
ooh
17%
No matching quizzes found
Score Distribution
Percent of People with Each Score
Percentile by Number Answered
Your Score History
You have not taken this quiz